[Event "AUT-ch U14 Girls"]
[Site "St Veit"]
[Date "2019.06.09"]
[Round "4.1"]
[White "Enache, Dorothea"]
[Black "Katter, Katharina"]
[Result "0-1"]
[WhiteElo "1591"]
[BlackElo "1816"]
[PlyCount "66"]
[EventDate "2019.06.08"]
[EventType "swiss"]
[EventRounds "7"]
[EventCountry "AUT"]
[SourceTitle "EXT 2024"]
[Source "ChessBase"]
[SourceDate "2023.10.10"]
[SourceVersion "1"]
[SourceVersionDate "2023.10.10"]
[SourceQuality "1"]

1. e4 e5 2. Nf3 Nc6 3. d4 exd4 4. Bc4 Bc5 5. c3 Nf6 6. cxd4 Bb4+ 7. Bd2 Nxe4 8. Bxb4 Nxb4 9. Bxf7+ Kxf7 10. Qb3+ Kf8 11. Qxb4+ Qe7 12. Qxe7+ Kxe7 13. 0-0 Kd8 14. Re1 Nf6 15. Nc3 d6 16. h3 Bf5 17. g4 Bd7 18. g5 Nh5 19. h4 Rf8 20. Re3 Nf4 21. Rae1 Bc6 22. Kh2 b5 23. Rd1 Nd5 24. Nxd5 Bxd5 25. Kg3 Kd7 26. Rde1 Rae8 27. b3 Rxf3+ 28. Rxf3 Rxe1 29. Re3 Rxe3+ 30. fxe3 c5 31. Kf2 Ke6 32. Kg3 c4 33. bxc4 bxc4 0-1

[Event "AUT-ch U14 Girls"]
[Site "St Veit"]
[Date "2019.06.08"]
[Round "1.3"]
[White "Enache, Dorothea"]
[Black "Valtiner, Valentina"]
[Result "1-0"]
[WhiteElo "1591"]
[BlackElo "1153"]
[PlyCount "53"]
[EventDate "2019.06.08"]
[EventType "swiss"]
[EventRounds "7"]
[EventCountry "AUT"]
[SourceTitle "EXT 2024"]
[Source "ChessBase"]
[SourceDate "2023.10.10"]
[SourceVersion "1"]
[SourceVersionDate "2023.10.10"]
[SourceQuality "1"]

1. e4 e5 2. Nf3 Nc6 3. d4 exd4 4. Bc4 Bc5 5. c3 dxc3 6. Bxf7+ Kxf7 7. Qd5+ Ke8 8. Qh5+ g6 9. Qxc5 cxb2 10. Bxb2 Nf6 11. 0-0 d6 12. Qc4 Rf8 13. Re1 Qe7 14. Nc3 Ne5 15. Nxe5 dxe5 16. Nd5 Nxd5 17. exd5 Qf6 18. Rxe5+ Kd7 19. Qb5+ c6 20. dxc6+ bxc6 21. Rd1+ Kc7 22. Qa5+ Kb8 23. Qb4+ Bb7 24. Re8+ Rxe8 25. Bxf6 Kc7 26. Qa5+ Kb8 27. Rd8+ 1-0

[Event "AUT-ch U14 Girls"]
[Site "St Veit"]
[Date "2019.06.08"]
[Round "2.3"]
[White "Indarbieva, Iman"]
[Black "Enache, Dorothea"]
[Result "0-1"]
[WhiteElo "1118"]
[BlackElo "1591"]
[PlyCount "56"]
[EventDate "2019.06.08"]
[EventType "swiss"]
[EventRounds "7"]
[EventCountry "AUT"]
[SourceTitle "EXT 2024"]
[Source "ChessBase"]
[SourceDate "2023.10.10"]
[SourceVersion "1"]
[SourceVersionDate "2023.10.10"]
[SourceQuality "1"]

1. e4 d6 2. Nf3 Nf6 3. Nc3 e5 4. Bc4 Be7 5. d3 0-0 6. Be3 c6 7. Bg5 Be6 8. b3 Qc7 9. Bxf6 Bxf6 10. 0-0 b5 11. Bxe6 fxe6 12. Re1 Nd7 13. d4 Rae8 14. d5 exd5 15. exd5 Nb6 16. dxc6 Qxc6 17. Qd3 e4 18. Nxe4 Bxa1 19. Qxd6 Qxd6 20. Nxd6 Rxe1+ 21. Nxe1 Rd8 22. Ne4 Re8 23. f3 Nd5 24. h3 Nc3 25. Kf2 Nxe4+ 26. fxe4 Rxe4 27. Nf3 Bd4+ 28. Nxd4 Rxd4 0-1

[Event "AUT-ch U16 Girls"]
[Site "Sankt Veit an der Glan"]
[Date "2019.04.18"]
[Round "7"]
[White "Vicze, Zsofia"]
[Black "Enache, Dorothea"]
[Result "0-1"]
[WhiteElo "1801"]
[BlackElo "1556"]
[PlyCount "62"]
[EventDate "2019.04.14"]
[EventType "swiss"]
[EventRounds "7"]
[EventCountry "AUT"]
[SourceTitle "CBM 190 Extra"]
[Source "ChessBase"]
[SourceDate "2019.07.15"]
[SourceVersion "1"]
[SourceVersionDate "2019.07.15"]
[SourceQuality "1"]

1. e4 d6 2. d4 Nf6 3. Nc3 Nbd7 4. f4 e5 5. Nf3 exd4 6. Qxd4 Nc5 7. Be2 Be7 8. 0-0 0-0 9. h3 b6 10. b4 Ne6 11. Qe3 d5 12. Nxd5 Nxd5 13. exd5 Qxd5 14. Rd1 Qc6 15. c3 Bd6 16. Ne5 Qe8 17. Qe4 Rb8 18. Bd3 f5 19. Qc4 Kh8 20. Re1 c5 21. Nf3 Qg6 22. Bd2 b5 23. Qd5 Bxf4 24. Bf1 Rd8 25. Qc6 Bxd2 26. Rad1 Bxe1 27. Rxd8+ Nxd8 28. Qc7 Qb6 29. Qe7 h6 30. Ne5 Rb7 31. Qf8+ Kh7 0-1

[Event "AUT-ch U16 Girls"]
[Site "Sankt Veit an der Glan"]
[Date "2019.04.14"]
[Round "1"]
[White "Enache, Dorothea"]
[Black "Jeitler, Selina"]
[Result "1-0"]
[WhiteElo "1556"]
[BlackElo "1181"]
[PlyCount "35"]
[EventDate "2019.04.14"]
[EventType "swiss"]
[EventRounds "7"]
[EventCountry "AUT"]
[SourceTitle "CBM 190 Extra"]
[Source "ChessBase"]
[SourceDate "2019.07.15"]
[SourceVersion "1"]
[SourceVersionDate "2019.07.15"]
[SourceQuality "1"]

1. e4 e5 2. Nf3 Nc6 3. d4 exd4 4. Bc4 Nf6 5. 0-0 Bc5 6. e5 d5 7. exf6 dxc4 8. Re1+ Be6 9. fxg7 Rg8 10. Bg5 Qd6 11. Nbd2 f6 12. Ne4 Qe7 13. Nxf6+ Kf7 14. Nxd4 Bxd4 15. Qh5+ Kxg7 16. Qxh7+ Kf8 17. Bh6+ Rg7 18. Qh8+ 1-0

[Event "St Veit op-B 37th"]
[Site "St Veit"]
[Date "2018.07.07"]
[Round "1"]
[White "Enne, Harald"]
[Black "Enache, Dorothea"]
[Result "1/2-1/2"]
[WhiteElo "1943"]
[BlackElo "1509"]
[PlyCount "87"]
[EventDate "2018.07.07"]
[EventType "swiss"]
[EventRounds "9"]
[EventCountry "AUT"]
[SourceTitle "EXT 2020"]
[Source "ChessBase"]
[SourceDate "2019.10.17"]
[SourceVersion "1"]
[SourceVersionDate "2019.10.17"]
[SourceQuality "1"]

1. d4 Nf6 2. c4 g6 3. Nc3 d5 4. cxd5 Nxd5 5. e4 Nxc3 6. bxc3 Bg7 7. Be3 c5 8. Qd2 Qa5 9. Nf3 Nc6 10. Rc1 Bg4 11. d5 Rd8 12. Qb2 Bxf3 13. gxf3 Nd4 14. Bxd4 cxd4 15. Qb5+ Qxb5 16. Bxb5+ Kf8 17. cxd4 Bxd4 18. Rc7 a6 19. Bd7 b5 20. f4 Kg7 21. Bc6 Bc5 22. Bb7 Bd6 23. Rc6 a5 24. Ke2 Bxf4 25. Rc5 e6 26. Rxb5 exd5 27. Bxd5 f5 28. Rxa5 fxe4 29. Ra7+ Kf6 30. Bxe4 Rhe8 31. Kf3 Rd4 32. Re1 Bd2 33. Re2 g5 34. Ra6+ Kg7 35. Ra7+ Kf6 36. h3 h5 37. Ra6+ Kg7 38. Rg6+ Kf7 39. a3 Rdxe4 40. Rxe4 Rxe4 41. Rxg5 Bxg5 42. Kxe4 Kf6 43. a4 Bd2 44. Kf3 1/2-1/2

[Event "AUT-ch U16 Girls"]
[Site "St Veit"]
[Date "2018.03.27"]
[Round "4"]
[White "Enache, Dorothea"]
[Black "Katter, Katharina"]
[Result "1-0"]
[WhiteElo "1295"]
[BlackElo "1702"]
[PlyCount "71"]
[EventDate "2018.03.25"]
[EventType "swiss"]
[EventRounds "7"]
[EventCountry "AUT"]
[SourceTitle "EXT 2019"]
[Source "ChessBase"]
[SourceDate "2018.10.10"]
[SourceVersion "1"]
[SourceVersionDate "2018.10.10"]
[SourceQuality "1"]

1. e4 d6 2. d4 Nd7 3. Nc3 c6 4. Nf3 g6 5. Bc4 e6 6. Bg5 Ne7 7. 0-0 h6 8. Bf4 Qc7 9. Re1 Bg7 10. e5 d5 11. Bd3 a6 12. Ne2 g5 13. Bg3 Nf8 14. Nd2 Qb6 15. Nb3 Nf5 16. Bxf5 exf5 17. f4 Ng6 18. Kh1 g4 19. h4 h5 20. Bf2 Qd8 21. g3 Be6 22. Nc5 b6 23. Nb7 Qc7 24. Nd6+ Kf8 25. b3 b5 26. a4 Ra7 27. c4 dxc4 28. Nc3 Rb7 29. axb5 axb5 30. d5 cxd5 31. Nxd5 Bxd5+ 32. Qxd5 Ra7 33. Rxa7 Kg8 34. Rxc7 Kh7 35. Qxf7 Rg8 36. Ne8 1-0

[Event "AUT-ch U12 Girls"]
[Site "St Veit"]
[Date "2017.06.05"]
[Round "6.2"]
[White "Enache, Dorothea"]
[Black "Peraus, Leonie"]
[Result "1-0"]
[WhiteElo "1284"]
[BlackElo "1049"]
[PlyCount "73"]
[EventDate "2017.06.03"]
[EventType "swiss"]
[EventRounds "7"]
[EventCountry "AUT"]
[SourceTitle "EXT 2024"]
[Source "ChessBase"]
[SourceDate "2023.10.10"]
[SourceVersion "1"]
[SourceVersionDate "2023.10.10"]
[SourceQuality "1"]

1. e4 e5 2. Nf3 Nf6 3. Nxe5 d6 4. Nf3 Nxe4 5. Nc3 Nf6 6. d4 Bf5 7. Bc4 h6 8. Be3 Be7 9. 0-0 0-0 10. h3 c6 11. d5 Nbd7 12. Nd4 Ne5 13. Bb3 Bg6 14. f4 Ned7 15. dxc6 Nc5 16. cxb7 Nxb7 17. Nd5 Nxd5 18. Bxd5 Qc8 19. Qf3 Rb8 20. Nc6 Bf6 21. Nxb8 Qxb8 22. Bxb7 Bxc2 23. Rac1 Bg6 24. f5 Bxf5 25. Qxf5 Qxb7 26. b3 Re8 27. Kh1 a6 28. Rc4 d5 29. Rg4 Kf8 30. Bc5+ Kg8 31. Qxf6 g6 32. Bd4 Kf8 33. Qh8+ Ke7 34. Rxf7+ Kd6 35. Rxg6+ Re6 36. Rxe6+ Kxe6 37. Qf6# 1-0

[Event "AUT-ch U12 Girls"]
[Site "St Veit"]
[Date "2017.06.04"]
[Round "4.1"]
[White "Enache, Dorothea"]
[Black "Katter, Katharina"]
[Result "1/2-1/2"]
[WhiteElo "1284"]
[BlackElo "1484"]
[PlyCount "112"]
[EventDate "2017.06.03"]
[EventType "swiss"]
[EventRounds "7"]
[EventCountry "AUT"]
[SourceTitle "EXT 2024"]
[Source "ChessBase"]
[SourceDate "2023.10.10"]
[SourceVersion "1"]
[SourceVersionDate "2023.10.10"]
[SourceQuality "1"]

1. e4 b6 2. d4 Bb7 3. Nc3 e6 4. Nf3 Bb4 5. Bd3 c5 6. a3 Bxc3+ 7. bxc3 d6 8. 0-0 Ne7 9. Bg5 Qc7 10. Bf4 c4 11. Be2 Bxe4 12. Nd2 Bd5 13. Bf3 Nd7 14. Qe2 Rc8 15. Bg3 0-0 16. Bxd5 Nxd5 17. Ne4 e5 18. Qd2 N7f6 19. Rfe1 Rfe8 20. Rad1 Nxe4 21. Rxe4 Nf6 22. Ree1 Nh5 23. Qg5 Nxg3 24. hxg3 f6 25. Qf5 Rcd8 26. Re2 Qd7 27. Qh5 Qf7 28. Qg4 Qg6 29. Qf3 e4 30. Qe3 d5 31. Rde1 h6 32. Qf4 Re7 33. f3 f5 34. fxe4 fxe4 35. Qe3 Rf7 36. Rf2 Rdf8 37. Ref1 Rxf2 38. Rxf2 Rxf2 39. Qxf2 Qf6 40. Qe2 Qg5 41. Kh2 g6 42. Qe1 Qe7 43. Qc1 e3 44. Kg1 Qg5 45. Qe1 Kf7 46. Kf1 Qf5+ 47. Kg1 Ke6 48. Qxe3+ Kf6 49. Qxh6 Qxc2 50. Qf8+ Ke6 51. Qe8+ Kd6 52. Qe5+ Kc6 53. Qe6+ Kc7 54. Qe7+ Kc6 55. Qe6+ Kc7 56. Qe7+ Kc6 1/2-1/2

[Event "AUT-ch U12 Girls"]
[Site "St Veit"]
[Date "2017.06.04"]
[Round "3.2"]
[White "Vicze, Kata"]
[Black "Enache, Dorothea"]
[Result "1/2-1/2"]
[WhiteElo "1469"]
[BlackElo "1284"]
[PlyCount "133"]
[EventDate "2017.06.03"]
[EventType "swiss"]
[EventRounds "7"]
[EventCountry "AUT"]
[SourceTitle "EXT 2024"]
[Source "ChessBase"]
[SourceDate "2023.10.10"]
[SourceVersion "1"]
[SourceVersionDate "2023.10.10"]
[SourceQuality "1"]

1. e4 d6 2. d4 Nf6 3. Nc3 Nbd7 4. Nf3 e5 5. Bc4 Be7 6. Be3 0-0 7. Qd2 c6 8. h3 b5 9. Bd3 Bb7 10. Ne2 a6 11. c3 exd4 12. cxd4 Qc7 13. 0-0 c5 14. d5 Rfe8 15. Rac1 Bf8 16. Ng3 g6 17. Bf4 Rac8 18. Rfe1 Qb8 19. b3 Bg7 20. a4 b4 21. Qd1 Kh8 22. Nd2 Ne5 23. Bxe5 Rxe5 24. f4 Ree8 25. Qe2 Nxd5 26. Qf1 Bd4+ 27. Kh1 Nc7 28. Nc4 Rcd8 29. f5 Rf8 30. Qf4 d5 31. Na5 Rde8 32. Nxb7 Qxb7 33. e5 Na8 34. Nh5 Qc7 35. Nf6 Bxe5 36. Rxe5 Qxe5 37. Qh4 h5 38. Qg5 Qe3 39. Qxe3 Rxe3 40. Bxa6 Rxb3 41. Nxd5 Re8 42. Rxc5 Rb1+ 43. Kh2 b3 44. Rb5 b2 45. Nc3 Rc1 46. Rb3 Nc7 47. Be2 Nd5 48. Rxb2 Nxc3 49. Bf3 gxf5 50. a5 Ra1 51. Rb3 Ne4 52. Rb5 Ra8 53. Rxf5 R8xa5 54. Bxe4 Rxf5 55. Bxf5 h4 56. Bg4 Kg7 57. Bf3 Kg6 58. Be4+ f5 59. Bf3 Kg5 60. Be2 Kf4 61. Bf3 Rf1 62. Bb7 Ke3 63. Bc6 Kf2 64. Bf3 Re1 65. Bb7 Re4 66. Ba8 Ke3 67. Bb7 1/2-1/2

[Event "AUT-ch U12 Girls"]
[Site "St Veit"]
[Date "2016.05.16"]
[Round "6"]
[White "Vicze, Zsofia"]
[Black "Enache, Dorothea"]
[Result "1/2-1/2"]
[WhiteElo "1358"]
[BlackElo "1455"]
[PlyCount "101"]
[EventDate "2016.05.14"]
[EventType "swiss"]
[EventRounds "7"]
[EventCountry "AUT"]
[SourceTitle "CBM 172 Extra"]
[Source "ChessBase"]
[SourceDate "2016.06.21"]
[SourceVersion "1"]
[SourceVersionDate "2016.06.21"]
[SourceQuality "1"]

1. e4 c6 2. Nc3 d5 3. Nf3 dxe4 4. Nxe4 Nf6 5. Ng3 h5 6. d4 h4 7. Ne2 Bg4 8. Nc3 e6 9. Be2 Be7 10. Be3 Na6 11. Qd2 Nc7 12. h3 Bf5 13. Bd3 Bxd3 14. Qxd3 Qd7 15. a4 0-0-0 16. a5 c5 17. Ne5 Qe8 18. Qc4 cxd4 19. Bxd4 Kb8 20. a6 Nxa6 21. Be3 Bb4 22. 0-0 Nd5 23. Rxa6 Nxe3 24. fxe3 Bxc3 25. bxc3 bxa6 26. Nxf7 Rc8 27. Rb1+ Ka8 28. Qe4+ Qc6 29. Qxc6+ Rxc6 30. Nxh8 Rxc3 31. Rc1 Rxe3 32. c4 Kb7 33. Ng6 Kc6 34. Kf2 Re4 35. Kf3 Rd4 36. Ke3 Kc5 37. Nf4 Rxc4 38. Nxe6+ Kb4 39. Rxc4+ Kxc4 40. Nd4 a5 41. Nc2 Kc3 42. Na3 Kb3 43. Nb5 a4 44. Kd3 a3 45. Nd4+ Kb2 46. Nc2 a2 47. Na1 Kc1 48. Ke2 a6 49. Ke1 Kb2 50. Kd2 Ka3 51. Kc3 1/2-1/2

[Event "AUT-ch U10 Girls"]
[Site "Woerth"]
[Date "2015.06.06"]
[Round "6.1"]
[White "Kelaptrishvili, Elene"]
[Black "Enache, Dorothea"]
[Result "0-1"]
[WhiteElo "1029"]
[BlackElo "1270"]
[PlyCount "52"]
[EventDate "2015.06.05"]
[EventType "swiss"]
[EventRounds "7"]
[EventCountry "AUT"]
[SourceTitle "EXT 2024"]
[Source "ChessBase"]
[SourceDate "2023.10.10"]
[SourceVersion "1"]
[SourceVersionDate "2023.10.10"]
[SourceQuality "1"]

1. e4 e5 2. Nf3 Nc6 3. c3 Nf6 4. d4 exd4 5. e5 Nd5 6. Bc4 Nb6 7. Qe2 Be7 8. h4 d5 9. Bb5 Bg4 10. e6 Bxe6 11. Bg5 h6 12. Nxd4 Bd7 13. Bxc6 Bxc6 14. Nf5 hxg5 15. Rh3 Kf8 16. h5 Bd7 17. h6 Bxf5 18. Rh5 Qd7 19. Qe5 Bf6 20. hxg7+ Kxg7 21. Rxg5+ Bg6 22. Qg3 Qe7+ 23. Kd1 Rh1+ 24. Kd2 Bxg5+ 25. f4 Bxf4+ 26. Qxf4 Qe1# 0-1

[Event "AUT-ch U12 Girls"]
[Site "Woerth"]
[Date "2015.05.23"]
[Round "1.6"]
[White "Oberberger, Sandra"]
[Black "Enache, Dorothea"]
[Result "0-1"]
[WhiteElo "861"]
[BlackElo "1270"]
[PlyCount "130"]
[EventDate "2015.05.23"]
[EventType "swiss"]
[EventRounds "7"]
[EventCountry "AUT"]
[SourceTitle "EXT 2024"]
[Source "ChessBase"]
[SourceDate "2023.10.10"]
[SourceVersion "1"]
[SourceVersionDate "2023.10.10"]
[SourceQuality "1"]

1. e4 e5 2. Nf3 Nc6 3. Nc3 Nf6 4. Bb5 Bc5 5. 0-0 0-0 6. d3 h6 7. Bxc6 dxc6 8. Nxe5 Bd4 9. Nf3 Bb6 10. Na4 Be6 11. Nxb6 cxb6 12. e5 Nd5 13. Bd2 Re8 14. c4 Nc7 15. b3 c5 16. Be1 Bf5 17. d4 Bg4 18. dxc5 Qxd1 19. Rxd1 bxc5 20. Bc3 Rad8 21. Rxd8 Rxd8 22. Nd2 Rd3 23. f3 Rxc3 24. fxg4 Rc2 25. Ne4 Ne6 26. Ra1 b6 27. a4 Rb2 28. Ra3 Nd4 29. Ra1 Rxb3 30. g5 h5 31. g6 fxg6 32. Ng5 Kf8 33. e6 Ke7 34. Re1 Rb4 35. Nf3 Nxf3+ 36. gxf3 Rxc4 37. Rf1 Kxe6 38. f4 Rxa4 39. Re1+ Kd6 40. Rd1+ Kc6 41. Rf1 b5 42. f5 Rg4+ 43. Kh1 c4 44. fxg6 Rxg6 45. Ra1 b4 46. Ra6+ Kb5 47. Rxg6 b3 48. Rxg7 a6 49. Rb7+ Ka4 50. Re7 Kb4 51. Rd7 c3 52. Kg2 c2 53. Rd4+ Kc3 54. Rd7 b2 55. Rc7+ Kd2 56. Rd7+ Kc1 57. Re7 b1Q 58. Re1+ Kb2 59. Rxb1+ cxb1Q 60. Kh3 Qg1 61. Kh4 Kc3 62. h3 Kd4 63. Kxh5 Ke5 64. h4 Kf6 65. Kh6 Qg6# 0-1

[Event "AUT-ch U08 Girls"]
[Site "Velden"]
[Date "2014.06.21"]
[Round "6"]
[White "Kicker, Anna"]
[Black "Enache, Dorothea"]
[Result "0-1"]
[WhiteElo "800"]
[BlackElo "1176"]
[PlyCount "44"]
[EventDate "2014.06.20"]
[EventType "swiss"]
[EventRounds "7"]
[EventCountry "AUT"]
[SourceTitle "EXT 2016"]
[Source "ChessBase"]
[SourceDate "2015.10.08"]
[SourceVersion "1"]
[SourceVersionDate "2015.10.08"]
[SourceQuality "1"]

1. e4 e5 2. Nf3 Nf6 3. Nxe5 d6 4. Nf3 Nxe4 5. d3 Nf6 6. Bg5 Be7 7. Be2 Be6 8. 0-0 0-0 9. Nc3 Nc6 10. Re1 h6 11. Bh4 d5 12. Qd2 d4 13. Nb5 Bb4 14. Qd1 Bxe1 15. Nxe1 a6 16. Na3 Re8 17. c3 Bf5 18. cxd4 Qxd4 19. Nec2 Qxh4 20. Nc4 Ng4 21. g3 Qxh2+ 22. Kf1 Qxf2# 0-1